000 00582nam a2200193Ia 4500
003 GCL
008 140319s9999 xx 000 0 ara d
040 _aGCL /
_cGCL
082 0 4 _a813.03
_bت ى
100 1 _aتوفيق الحكيم
245 1 0 _aيا طالع الشجرة (هدية من الاديب عبدالفتاح الجمل) /
_cتوفيق الحكيم
300 _a210 ص
490 _a
650 0 4 _aالادب العربى
650 0 4 _aالقصص القصيرة
650 0 4 _aالقصة العربية
650 0 4 _aالقصة القصيرة
942 _2ddc
_cBK
999 _c40754
_d40754